| 000 | 01208cam a2200337 a 4500 | ||
|---|---|---|---|
| 001 | 596831 | ||
| 003 | OSt | ||
| 005 | 20230620144658.0 | ||
| 008 | 910215s1991 nyu b 001 0 eng | ||
| 010 | _a 91008298 | ||
| 020 | _a0275936953 (alk. paper) | ||
| 040 |
_aDLC _cDLC _dDLC |
||
| 043 | _an-us--- | ||
| 050 | 0 | 0 |
_aJK1991 _b.T49 1991 |
| 082 | 0 | 0 |
_a324.7/8/0973 _220 _bTHE |
| 100 | 1 |
_aTheilmann, John M. _q(John Meier) |
|
| 245 | 1 | 0 |
_aDiscrimination and congressional campaign contributions / _cJohn Theilmann and Al Wilhite. |
| 260 |
_aNew York : _bPraeger, _c1991. |
||
| 300 |
_aix, 186 p. ; _c24 cm. |
||
| 504 | _aIncludes bibliographical references (p. [169]-177) and index. | ||
| 610 | 1 | 0 |
_aUnited States. _bCongress _xElections. |
| 650 | 0 |
_aCampaign funds _zUnited States. |
|
| 650 | 0 | _aAfrican American politicians. | |
| 650 | 0 |
_aWomen politicians _zUnited States. |
|
| 650 | 0 |
_aRace discrimination _zUnited States. |
|
| 650 | 0 |
_aSex discrimination _zUnited States. |
|
| 700 | 1 | _aWilhite, Al. | |
| 906 |
_a7 _bcbc _corignew _d1 _eocip _f19 _gy-gencatlg |
||
| 942 |
_2ddc _cBK |
||
| 999 |
_c1812 _d1812 |
||